Exposé of Polygamy (Record no. 353061)
[ view plain ]
| 000 -LEADER | |
|---|---|
| fixed length control field | 00690nam a2200145Ia 4500 |
| 008 - FIXED-LENGTH DATA ELEMENTS--GENERAL INFORMATION | |
| fixed length control field | 171212s9999 xx 000 0 und d |
| 020 ## - INTERNATIONAL STANDARD BOOK NUMBER | |
| International Standard Book Number | 9780874217131 |
| 100 ## - MAIN ENTRY--PERSONAL NAME | |
| Personal name | Stenhouse, Fanny |
| 245 ## - TITLE STATEMENT | |
| Statement of responsibility, etc | Stenhouse, Fannyeditor DeSimone, Linda |
| Title | Exposé of Polygamy |
| Remainder of title | A Lady's Life Among the Mormons |
| 260 ## - PUBLICATION, DISTRIBUTION, ETC. (IMPRINT) | |
| Name of publisher, distributor, etc | University Press of Colorado |
| Date of publication, distribution, etc | 2008 |
| 440 ## - SERIES STATEMENT/ADDED ENTRY--TITLE | |
| Title | Life Writings of Frontier Women |
| 650 ## - SUBJECT ADDED ENTRY--TOPICAL TERM | |
| Topical term or geographic name as entry element | History |
| 650 ## - SUBJECT ADDED ENTRY--TOPICAL TERM | |
| Topical term or geographic name as entry element | Mormon Church -- Controversial literature; Church of Jesus Christ of Latter-day Saints -- Doctrines; Mormon Church -- Doctrines; Polygamy -- Religious aspects -- Mormon Church; Stenhouse, T. B. H., Mrs., b. 1829 |
| 856 ## - ELECTRONIC LOCATION AND ACCESS | |
| Uniform Resource Identifier | <a href="www.jstor.org/stable/10.2307/j.ctt4cgrcf">www.jstor.org/stable/10.2307/j.ctt4cgrcf</a> |
| Withdrawn status | Lost status | Damaged status | Home library | Current library | Date acquired | Total Checkouts | Full call number | Date last seen | Price effective from | Koha item type |
|---|---|---|---|---|---|---|---|---|---|---|
| College Library | College Library | 12/12/2017 | BX8645.S67 2008 | 12/12/2017 | 12/12/2017 | Curriculum - Based eBooks |